Icon painting /

محفوظ في:

المؤلف الرئيسي: Taylor, John, 1945-

التنسيق: كتاب

اللغة: English

منشور في: New York : Mayflower Books, [1979].

الطبعة: 1st American ed.

الموضوعات:

الوسوم: إضافة وسم

لا توجد وسوم, كن أول من يضع وسما على هذه التسجيلة!

رقم الطلب: ( F )N8187 .T38 1979

LEADER 00680cam a2200253 i 4500
001 848577
003 OSt
005 20240215104804.0
008 781103r1979 nyua b 000 0 eng
999 |c 56807  |d 56807 
010 |a  78025925  
020 |a 0831748133 
020 |a 0831748141 (pbk.) 
040 |c ARCE Library 
050 4 |a ( F )N8187 .T38 1979 
100 1 |a Taylor, John,  |d 1945- 
245 1 0 |a Icon painting /  |c by John Taylor. 
250 |a 1st American ed. 
260 |a New York :  |b Mayflower Books,  |c [1979]. 
300 |a 80 p. :  |b chiefly col. ill. ;  |c 31 cm. 
504 |a Bibliography: p. 80. 
650 0 |a Icon painting  |x History. 
901 |a reviewed 
942 |2 lcc  |c BK